citez 15 joueur de football de pays differents - Statistiques

Statistiques générales
  • Ce quiz a été pris 301 fois
  • Le résultat moyen est 8 sur 15
Statistiques - réponses
pays Joueur % Correct
argentine Messi
94%
france Kilyan Mbappe
80%
Portugal Ronaldo, cristiano, cr7
76%
brésil Neymar, ronaldo, r9
75%
Egypte Mohamed Salah
65%
Croatie Modric
61%
Algérie Mahrez
58%
senegale Sadio Mane
58%
Uruguay Suarez
56%
Maroc Achraf Hakimi
54%
Belgique Courtois, kevine de bruyne
48%
Allemagne Neur, muller
26%
Espagne Ramos, xavi, casilas
22%
Italie Chiesa, jorginho
14%
Pologne Lewandowski, robert
6%
Aucun quiz correspondant
Distribution des résultats
% des personnes avec chaque résultat
Percentile par nombre de réponses
Votre historique - résultats
Vous n’avez pas pris ce quiz